000 01107cab a2200217 4500
001 ABS38508
008 090401t1987 xxu||||| |||| 00| 0 eng d
035 _a(Sirsi) u11034
041 _aeng
100 _aMcDougall, K.A.
245 _aContract insurance
260 _c1987
350 _a0
490 _aPlumbing and Heating
_v9(12) December 1987, 232(1)
520 _aHighlights the changes to the JCT insurance clauses made in amendments issued in November 1986 for incorporation in the January 1987 revision to JCT 1980 . Changes include the addition of impact, subsidence, theft and vandalism to risks which must be insured against; the requirement that the employer must have two policies one for damage to existing structures and one for damage to the works and the concept that the employer and contractor will obtain the benefit of joint names policies for all risk insurance of the works for subcontractors.
650 _aBUILT ENVIRONMENT-BUILDING CONTRACT FORMS
650 _aSTANDARDS FORMS
690 _aBUILT ENVIRONMENT-BUILDING CONTRACT FORMS
942 _n0
948 _c04/03/1997
999 _c7032
_d7032